| 000 | 00845nam a2200253Ia 4500 | ||
|---|---|---|---|
| 003 | OSt | ||
| 005 | 20221005112849.0 | ||
| 006 | a|||||r|||| 00| 0 | ||
| 007 | ta | ||
| 008 | 221004b |||||||| |||| 00| 0 pan d | ||
| 020 | _c250 | ||
| 024 | _a26802 | ||
| 037 |
_b987, 17/12/2015, H.K. Prakashan _cTextual |
||
| 040 |
_aCRL _cCRL _bpan |
||
| 041 |
_2pan _apan |
||
| 082 | _aP168:4k, 153Q4 | ||
| 100 | _aਅ॥ਤਰ, ਰਹਿਮਨ | ||
| 245 | 0 | _aਉਰਦੂ ਪੰਜਾਬੀ Fਬਦ ਕੋF | |
| 260 |
_aਦਿੱਲੀ _bਐਜੂਕੇFਨਲ ਪਬਲੀFਿੰਗ ਹਾਉਸ ਭਾਰਤ _c2014 |
||
| 300 |
_a352ਪੰ _ccm. |
||
| 650 | _aਪੰਜਾਬੀ ਭਾFਾ | ||
| 942 |
_hP168:4k, 153Q4 _cTEXL _2cc |
||
| 999 |
_c1026237 _d1026237 |
||